00612nam a2200193Ia 4500008004100000020001800041050001400059100002200073245003100095245005500126260001700181260003000198260000900228300001500237300002500252440001900277999001900296952010300315180207s9999 xx 000 0 und d a9780395740699 bM158 1996 aMcKissack, Robert 2aA friend for King Amadou / cRobert McKissack ; illustrated by Reynold Ruffins. aBoston, MA : bHoughton Mifflin Company, c1996 a16 pages : bcolor illustration ; aWatch me read. c355257d355257 001040aSSISMbSSISMd2018-02-07l0oER M158 1996pSSISM4802r2018-02-07 00:00:00w2018-02-07yBK